| 000 | 00384nam a22001457a 4500 | ||
|---|---|---|---|
| 020 | _a969-35-1496-3 | ||
| 040 | _cNUST | ||
| 082 | _a891.4393,BAN | ||
| 100 | _aBano, Qudsia | ||
| 245 |
_aHasil Ghat / حاصل گھاٹ (Urdu) / _cBano Qudsia |
||
| 260 |
_aLahore _bSang-e-Meel _c2014 |
||
| 300 | _a336 p.; | ||
| 650 |
_2Urdu Literature _xNovel _92525 |
||
| 942 |
_2ddc _cBK _k891.4393,BAN |
||
| 999 |
_c593727 _d593727 |
||